Normal view MARC view
  • Three-dimensional display systems

Entry Topical Term

Number of records used in: 6

001 - CONTROL NUMBER

  • control field: 37703

003 - CONTROL NUMBER IDENTIFIER

  • control field: OSt

005 - DATE AND TIME OF LATEST TRANSACTION

  • control field: 20150423150029.0

008 - FIXED-LENGTH DATA ELEMENTS

  • fixed length control field: 150423|| aca||babn | a|a d

040 ## - CATALOGING SOURCE

  • Original cataloging agency: OSt

150 ## - HEADING--TOPICAL TERM

  • Topical term or geographic name as entry element: Three-dimensional display systems

450 ## - SEE FROM TRACING--TOPICAL TERM

  • Topical term or geographic name entry element: 3-D display systems

450 ## - SEE FROM TRACING--TOPICAL TERM

  • Topical term or geographic name entry element: 3D display systems

450 ## - SEE FROM TRACING--TOPICAL TERM

  • Topical term or geographic name entry element: Display systems, Three-dimensional

550 ## - SEE ALSO FROM TRACING--TOPICAL TERM

  • Control subfield: g
  • Topical term or geographic name entry element: Information display systems

550 ## - SEE ALSO FROM TRACING--TOPICAL TERM

  • Control subfield: g
  • Topical term or geographic name entry element: Three-dimensional imaging